Statistics for Seattle SuperSonics All-Time Starting Five

Click here to take the quiz!

General Stats

  • This quiz has been taken 173 times
  • The average score is 5 of 10

Answer Stats

PositionAnswer% Correct
PGGary Payton
95%
PFShawn Kemp
92%
SG/6thmanRay Allen
65%
CJack Sikma
55%
SFDetlef Schrempf
48%
CoachGeorge Karl
37%
6th manDennis Johnson
34%
SGFred Brown
20%
SFDale Ellis
19%
CSpencer Haywood
18%

Score Distribution

Percentile by Number Answered

Percent of People with Each Score

Your Score History

You have not taken this quiz